| 000 | 00595cam a22002052 4500 | ||
|---|---|---|---|
| 001 | 0000007534 | ||
| 005 | 20151217152031.0 | ||
| 008 | 080213s xx 000 0 eng d | ||
| 020 |
_a1844800308 : _cKES |
||
| 040 |
_aKABU _cKABU |
||
| 100 | 1 |
_aDrury, Colin. _@0000151803 |
|
| 245 | 1 | 0 |
_aManagement and cost accounting : _bstudent's manual / _cColin Drury. |
| 250 | _a6th ed. | ||
| 260 |
_aLondon : _bThoson, _c2004. |
||
| 300 | _a211 p. | ||
| 650 | 0 |
_aManagerial accounting. _@0000151472 |
|
| 908 | _a080213 | ||
| 950 | _@1 | ||
| 999 |
_c7523 _d7523 |
||